000 00522nam a22001937a 4500
003 KOHA_MİRAKIL
005 20250926160935.0
008 250926b tu ||||| |||| 00| 0 tur d
020 _a9786052900802
040 _aTR-AnABB
_btur
_cTR-AnABB
041 _atur
082 _a813.42
_bARP 2019
100 1 _aArpa, Fuat,
245 1 0 _aHep dilemma /
_cFuat Arpa
260 _aİstanbul :
_bMetamorfoz Yayıncılık,
_c2019
300 _a248 sayfa ;
_c23 cm
650 0 4 _aTürk edebiyatı, roman
942 _2ddc
_cBK
999 _c8932
_d8932
900 _bGizem YORULMAZ